[Event "Bayern-chTT (Oberliga)"]
[Site "Bayern 2008/09"]
[Date "2009.01.18"]
[Round "5.4"]
[White "Zach, Andreas(60)"]
[Black "Rupp, Markus(73)"]
[Result "1-0"]
[WhiteElo "2248"]
[BlackElo "2217"]
[PlyCount "103"]
[EventDate "2009.03.??"]
[EventType "team-tourn"]
[EventRounds "9"]
[WhiteTeam "Gröbenzell 1"]
[BlackTeam "Würzburg 1"]

1. b4 d5 2. Bb2 Bg4 3. Nf3 Bxf3 4. gxf3 Qd6 5. a3 Nd7 6. Nc3 c6 7. e3 e5 8. d4
exd4 9. Qxd4 Ngf6 10. Rd1 a5 11. b5 Qe6 12. Qh4 Qf5 13. e4 Ne5 14. Be2 Nxf3+
15. Bxf3 Qxf3 16. O-O dxe4 17. Nxe4 Nxe4 18. Rd3 Be7 19. Qxe7+ Kxe7 20. Rxf3
Ng5 21. Re1+ Ne6 22. bxc6 bxc6 23. Bxg7 Rhg8 24. Rg3 Rad8 25. f4 Kd6 26. Bc3 a4
27. Kf2 Rxg3 28. hxg3 Kc5 29. Re4 Rd1 30. Rxa4 Rc1 31. Bb4+ Kb5 32. Ra5+ Kc4
33. f5 Rxc2+ 34. Ke3 Ng5 35. Rc5+ Kb3 36. Rxc2 Kxc2 37. Kd4 Kb3 38. g4 Ka4 39.
Ke5 Kb5 40. Kf6 h6 41. Bf8 Ne4+ 42. Ke5 Nf2 43. Kf4 c5 44. Bxh6 c4 45. g5 c3
46. g6 Nd3+ 47. Ke4 Nc5+ 48. Kd5 fxg6 49. fxg6 Nd7 50. g7 Nf6+ 51. Ke6 Ng8 52.
Bg5 1-0

[Event "Bayern-chTT (Oberliga)"]
[Site "Bayern 2008/09"]
[Date "2009.01.18"]
[Round "5.5"]
[White "Graef, Harald"]
[Black "Kaunzinger, Albert"]
[Result "1-0"]
[WhiteElo "2181"]
[BlackElo "2187"]
[PlyCount "119"]
[EventDate "2009.03.??"]
[EventType "team-tourn"]
[EventRounds "9"]
[WhiteTeam "Würzburg 1"]
[BlackTeam "Gröbenzell 1"]

1. e4 d5 2. exd5 Qxd5 3. Nc3 Qa5 4. d4 c6 5. Nf3 Nf6 6. Bd2 Qb6 7. Bc4 Bf5 8.
Qe2 e6 9. O-O-O Nbd7 10. Nh4 Bg6 11. Nxg6 hxg6 12. Bf4 Bb4 13. Ne4 Nxe4 14.
Qxe4 Nf6 15. Qf3 Be7 16. Be5 a5 17. h4 a4 18. a3 Rh7 19. g4 Nd5 20. h5 gxh5 21.
Rxh5 Rxh5 22. gxh5 Bg5+ 23. Kb1 f6 24. Bg3 O-O-O 25. Ka1 Qa5 26. Qe4 Re8 27.
Qg6 Kd7 28. Qxg7+ Re7 29. Qf8 Qd8 30. Qxd8+ Kxd8 31. Rh1 Rh7 32. Be2 Ke7 33.
Kb1 Nf4 34. Bf3 Rh8 35. c3 e5 36. dxe5 fxe5 37. Kc2 Rh6 38. Re1 Kf6 39. Bg4 Rh7
40. Rd1 Re7 41. Rd8 Kg7 42. Ra8 Nd5 43. Rxa4 Nf6 44. f3 e4 45. Bf2 e3 46. Be1
Kh6 47. Ra8 Kg7 48. Rd8 Bf4 49. Kd3 Kh6 50. Ke2 Kg5 51. Rf8 Nxg4 52. Bh4+ Kxh4
53. Rxf4 Kxh5 54. Rxg4 Re5 55. Re4 Rg5 56. Rb4 Rg7 57. Kxe3 Re7+ 58. Kd4 Kg5
59. Kc5 Kf5 60. Kb6 1-0

[Event "Bayern-chTT (Oberliga)"]
[Site "Bayern 2008/09"]
[Date "2009.01.18"]
[Round "5.6"]
[White "Scheckenbach, Franz"]
[Black "Zehnter, Sebastian"]
[Result "1-0"]
[WhiteElo "2123"]
[BlackElo "2182"]
[PlyCount "71"]
[EventDate "2009.03.??"]
[EventType "team-tourn"]
[EventRounds "9"]
[WhiteTeam "Gröbenzell 1"]
[BlackTeam "Würzburg 1"]

1. e4 d5 2. exd5 Nf6 3. Bb5+ Bd7 4. Bc4 b5 5. Bb3 a5 6. a3 Bg4 7. f3 Bc8 8. Nc3
Ba6 9. Nge2 Qd6 10. d4 Nbd7 11. Bf4 Qb6 12. O-O g6 13. Re1 Qb7 14. d6 cxd6 15.
Ng3 d5 16. Qd2 e6 17. Bh6 Be7 18. Nge2 Nb6 19. Nf4 Nc4 20. Bxc4 dxc4 21. Bg7
Rg8 22. Bxf6 Bxf6 23. Ncd5 Bd8 24. Re5 Kf8 25. Nxe6+ fxe6 26. Nf4 Bf6 27. Nxe6+
Kf7 28. Qf4 Rge8 29. Rae1 Qd7 30. c3 Bb7 31. g4 g5 32. Qf5 Bc6 33. Nxg5+ Kg7
34. Ne6+ Rxe6 35. Rxe6 Rf8 36. Qc5 1-0

[Event "Bayern-chTT (Oberliga)"]
[Site "Bayern 2008/09"]
[Date "2009.01.18"]
[Round "5.7"]
[White "Reis, Thomas(70)"]
[Black "Schmidt, Anton(61)"]
[Result "1-0"]
[WhiteElo "2110"]
[BlackElo "2054"]
[PlyCount "67"]
[EventDate "2009.03.??"]
[EventType "team-tourn"]
[EventRounds "9"]
[WhiteTeam "Würzburg 1"]
[BlackTeam "Gröbenzell 1"]

1. d4 Nf6 2. Nf3 c5 3. d5 e6 4. c4 exd5 5. cxd5 d6 6. Nc3 g6 7. Qa4+ Nbd7 8.
Bf4 Qb6 9. Qc2 Bg7 10. Nd2 O-O 11. e4 Ne5 12. Bxe5 dxe5 13. Na4 Qa5 14. Nxc5
Bg4 15. Qc3 Qxc3 16. bxc3 Rac8 17. Nxb7 Rxc3 18. Nd6 Rb8 19. N2c4 Bf8 20. f3
Bxd6 21. Nxd6 Bc8 22. Kd2 Rc5 23. Rc1 Nd7 24. Bb5 Rxc1 25. Rxc1 Nb6 26. Rc7 a6
27. Be8 f5 28. h3 fxe4 29. fxe4 g5 30. Bf7+ Kf8 31. Be6 Bxe6 32. dxe6 Na8 33.
e7+ Kg8 34. Rd7 1-0

[Event "Bayern-chTT (Oberliga)"]
[Site "Bayern 2008/09"]
[Date "2009.01.18"]
[Round "5.8"]
[White "Stocker, Rupert"]
[Black "Alm, Christopher"]
[Result "0-1"]
[WhiteElo "2049"]
[BlackElo "2026"]
[PlyCount "74"]
[EventDate "2009.03.??"]
[EventType "team-tourn"]
[EventRounds "9"]
[WhiteTeam "Gröbenzell 1"]
[BlackTeam "Würzburg 1"]

1. c4 c6 2. e4 d5 3. cxd5 cxd5 4. exd5 Nf6 5. Qa4+ Nbd7 6. Nc3 g6 7. g3 Bg7 8.
Bg2 O-O 9. d4 Nb6 10. Qb3 e6 11. Nf3 Nbxd5 12. O-O b6 13. Bg5 Bb7 14. Rfe1 h6
15. Bd2 Rc8 16. Rac1 Qe7 17. Nb5 a6 18. Nc3 Nxc3 19. bxc3 b5 20. a4 Bd5 21. Qd1
Qb7 22. axb5 axb5 23. Re3 Rfd8 24. Ne1 Bxg2 25. Nxg2 b4 26. cxb4 Rxd4 27. Rxc8+
Qxc8 28. Qe2 Qc2 29. Be1 Qb1 30. b5 Rb4 31. Ra3 Rxb5 32. Ne3 Rb2 33. Qf1 Qe4
34. Ra1 Nd7 35. Rd1 Ne5 36. Rd8+ Kh7 37. Qg2 Nf3+ 0-1

[Event "Bayern-chTT (Oberliga)"]
[Site "Bayern 2008/09"]
[Date "2009.01.18"]
[Round "5.1"]
[White "Jirka, Jiri"]
[Black "Milov, Leonid"]
[Result "0-1"]
[WhiteElo "2345"]
[BlackElo "2480"]
[PlyCount "80"]
[EventDate "2009.03.??"]
[EventType "team-tourn"]
[EventRounds "9"]
[WhiteTeam "Bamberg-SC 1"]
[BlackTeam "Nürnberg-NT 1"]

1. d4 d5 2. Nf3 Nf6 3. g3 c6 4. c4 Bf5 5. Nc3 e6 6. Nh4 Be4 7. f3 Bg6 8. Qb3
Qd7 9. Nxg6 hxg6 10. Be3 Na6 11. Bf2 Be7 12. cxd5 exd5 13. e4 dxe4 14. fxe4 Ng4
15. Bg1 Bg5 16. Be2 O-O 17. h3 Ne3 18. Nd1 Nxd1 19. Rxd1 Qe7 20. Bf3 c5 21. e5
cxd4 22. Bxd4 Nc5 23. Qa3 Rac8 24. O-O b6 25. h4 Bh6 26. Bd5 Rcd8 27. Bxc5 bxc5
28. Rfe1 g5 29. h5 g4 30. Qb3 Rb8 31. Qc2 Qg5 32. Qg6 Rxb2 33. Qxg5 Bxg5 34.
Rf1 Be3+ 35. Kh1 Bf2 36. Rd3 Kh7 37. Bb3 Kh6 38. Rd7 Bxg3 39. Rfxf7 Rxf7 40.
Bxf7 Bxe5 0-1

[Event "Bayern-chTT (Oberliga)"]
[Site "Bayern 2008/09"]
[Date "2009.01.18"]
[Round "5.2"]
[White "Mischustov, Michael"]
[Black "Sodoma, Jan"]
[Result "0-1"]
[WhiteElo "2345"]
[BlackElo "2306"]
[PlyCount "106"]
[EventDate "2009.03.??"]
[EventType "team-tourn"]
[EventRounds "9"]
[WhiteTeam "Nürnberg-NT 1"]
[BlackTeam "Bamberg-SC 1"]

1. e4 e5 2. Nf3 Nc6 3. Bb5 a6 4. Bxc6 dxc6 5. Nc3 Qf6 6. d4 exd4 7. Qxd4 Bg4 8.
Bg5 Qxd4 9. Nxd4 Bb4 10. h3 Bxc3+ 11. bxc3 Bd7 12. O-O-O f6 13. Bf4 O-O-O 14.
g4 Ne7 15. Bg3 c5 16. Nf5 Nxf5 17. gxf5 Rde8 18. f3 g6 19. fxg6 hxg6 20. h4 Be6
21. a3 b6 22. Rde1 Kb7 23. e5 f5 24. Bf4 Bd5 25. Rh3 Kc6 26. Rg1 Rhg8 27. Rg5
Kb5 28. Rhg3 Rh8 29. Rh3 Re6 30. Kb2 a5 31. Rg1 Rh7 32. Rd1 Kc4 33. Re1 b5 34.
Bg5 b4 35. cxb4 cxb4 36. f4 Rb6 37. axb4 axb4 38. Rd3 Ra6 39. Red1 c6 40. Ra1
Rxa1 41. Kxa1 Be4 42. Re3 Bxc2 43. e6 Be4 44. e7 Rh8 45. Kb2 c5 46. Bf6 Rc8 47.
Re1 Re8 48. Rd1 Kb5 49. Rd8 Bc6 50. Kc2 c4 51. Kd2 Ka4 52. Rd6 Bb5 53. Rb6 Rc8
0-1

[Event "Bayern-chTT (Oberliga)"]
[Site "Bayern 2008/09"]
[Date "2009.01.18"]
[Round "5.3"]
[White "Breithut, Kurt-Georg"]
[Black "Wagner, Florian(06.90)"]
[Result "1/2-1/2"]
[WhiteElo "2126"]
[BlackElo "2235"]
[PlyCount "87"]
[EventDate "2009.03.??"]
[EventType "team-tourn"]
[EventRounds "9"]
[WhiteTeam "Bamberg-SC 1"]
[BlackTeam "Nürnberg-NT 1"]

1. d4 Nf6 2. g3 g6 3. Bg2 Bg7 4. c3 O-O 5. Qb3 c6 6. Nf3 d6 7. O-O Nbd7 8. Re1
e5 9. Bg5 h6 10. Bxf6 Qxf6 11. Nbd2 Qe7 12. e4 Nb6 13. Qa3 Qc7 14. Qa5 Be6 15.
b3 Rac8 16. Rac1 Qb8 17. dxe5 dxe5 18. c4 Nd7 19. c5 b6 20. cxb6 axb6 21. Qc3
Rfd8 22. Nc4 b5 23. Ne3 c5 24. Qc2 Nb6 25. Bf1 c4 26. bxc4 bxc4 27. Nd2 Rd4 28.
Nf3 Qa8 29. Rb1 Rd6 30. Red1 Rxd1 31. Nxd1 Na4 32. Rb4 Nc5 33. Nc3 Qa3 34. Qb2
Qxb2 35. Rxb2 f5 36. Nd2 Nd3 37. Rb6 Bf7 38. Rb5 Bf8 39. Nd5 Bxd5 40. Rxd5 Nb2
41. exf5 c3 42. Nb3 c2 43. Rxe5 gxf5 44. Nc1 1/2-1/2

[Event "Bayern-chTT (Oberliga)"]
[Site "Bayern 2008/09"]
[Date "2009.01.18"]
[Round "5.4"]
[White "Epding, Olaf"]
[Black "Krug, Stefan(63)"]
[Result "1-0"]
[WhiteElo "2157"]
[BlackElo "2083"]
[PlyCount "71"]
[EventDate "2009.03.??"]
[EventType "team-tourn"]
[EventRounds "9"]
[WhiteTeam "Nürnberg-NT 1"]
[BlackTeam "Bamberg-SC 1"]

1. e4 c6 2. d4 d5 3. exd5 cxd5 4. Bd3 Nc6 5. c3 Nf6 6. Bf4 g6 7. Nf3 Bf5 8.
Bxf5 gxf5 9. O-O e6 10. Ne5 Bg7 11. Nd2 O-O 12. Nb3 Nxe5 13. dxe5 Nd7 14. Re1
Qh4 15. Qd2 Rae8 16. Rad1 a6 17. Na5 Nc5 18. Qe3 b6 19. Nc6 f6 20. exf6 Qxf6
21. Bd6 Rf7 22. Rxd5 Rc8 23. Be5 Qh4 24. Rd4 f4 25. Qf3 Bxe5 26. Nxe5 Rf5 27.
Nd7 Nxd7 28. Rxd7 Rh5 29. h3 e5 30. Qd5+ Kh8 31. Rxe5 Rh6 32. Qd4 Rf6 33. Rf7
Rg8 34. Ree7 Rxg2+ 35. Kxg2 f3+ 36. Kh2 1-0

[Event "Bayern-chTT (Oberliga)"]
[Site "Bayern 2008/09"]
[Date "2009.01.18"]
[Round "5.5"]
[White "Mittag, Ralf"]
[Black "Kirchner, Thomas"]
[Result "1/2-1/2"]
[WhiteElo "2062"]
[BlackElo "2266"]
[PlyCount "109"]
[EventDate "2009.03.??"]
[EventType "team-tourn"]
[EventRounds "9"]
[WhiteTeam "Bamberg-SC 1"]
[BlackTeam "Nürnberg-NT 1"]

1. d4 Nf6 2. Nf3 b6 3. g3 Bb7 4. Bg2 e6 5. c4 Be7 6. Nc3 O-O 7. O-O d5 8. Ne5
c6 9. b3 Nbd7 10. Nd3 Rc8 11. cxd5 cxd5 12. Bb2 Ne4 13. Rc1 Ndf6 14. f3 Nxc3
15. Rxc3 Qd7 16. Rxc8 Rxc8 17. Qd2 Ba6 18. Rc1 Rxc1+ 19. Nxc1 Qb5 20. Nd3 h6
21. Qc3 Ne8 22. Bf1 Bd6 23. e4 dxe4 24. fxe4 Nf6 25. Qe1 Be7 26. Nf2 Qxf1+ 27.
Qxf1 Bxf1 28. Kxf1 Kf8 29. Ke2 Ke8 30. Kd3 Kd7 31. Kc4 Kc6 32. a4 a6 33. d5+
exd5+ 34. exd5+ Nxd5 35. Bxg7 h5 36. Bd4 f5 37. Nd1 Bd6 38. Ne3 f4 39. Nxd5
fxg3 40. hxg3 b5+ 41. axb5+ axb5+ 42. Kd3 Kxd5 43. Bf2 Be5 44. Be1 Bd4 45. Bd2
Be5 46. Be1 Bd6 47. Ke3 Ke5 48. Bc3+ Kf5 49. Kf3 Bc7 50. Bd2 Be5 51. Be1 Bd6
52. Bd2 Bc7 53. Be3 Bd6 54. Bd2 Be7 55. Bf4 1/2-1/2

[Event "Bayern-chTT (Oberliga)"]
[Site "Bayern 2008/09"]
[Date "2009.01.18"]
[Round "5.6"]
[White "Martin, Thomas(66)"]
[Black "Mikuta, Alexander"]
[Result "1-0"]
[WhiteElo "2266"]
[BlackElo "1965"]
[PlyCount "117"]
[EventDate "2009.03.??"]
[EventType "team-tourn"]
[EventRounds "9"]
[WhiteTeam "Nürnberg-NT 1"]
[BlackTeam "Bamberg-SC 1"]

1. Nf3 Nf6 2. g3 g6 3. Bg2 Bg7 4. O-O O-O 5. d3 c5 6. Nc3 d5 7. a3 Nc6 8. Rb1
a5 9. Bg5 h6 10. Bxf6 Bxf6 11. Nd2 e6 12. e4 d4 13. Nb5 Na7 14. Nxa7 Rxa7 15.
f4 b5 16. e5 Be7 17. Qg4 Bb7 18. Bxb7 Rxb7 19. b3 Qc7 20. h4 h5 21. Qf3 Kg7 22.
Ra1 a4 23. bxa4 bxa4 24. Nc4 Rfb8 25. Kh2 Rb5 26. Qh1 Qb7 27. Qxb7 R8xb7 28.
Rfe1 Kf8 29. Kg2 Ke8 30. Kf2 Kd7 31. Ke2 Kc6 32. Kf3 Kd5 33. Rg1 Rb8 34. Rh1
Rh8 35. Rab1 Rhb8 36. Rxb5 Rxb5 37. Rg1 Rb8 38. Ke2 Rb5 39. Kd2 Rb8 40. Ra1 Rb5
41. Kc1 Kc6 42. Rb1 Bf8 43. Rxb5 Kxb5 44. Kd2 Be7 45. Ke2 Kc6 46. Kf3 Kd5 47.
Nb6+ Kc6 48. Nxa4 c4 49. dxc4 Bxa3 50. Ke4 Bb4 51. Nb2 Be1 52. Kf3 Bc3 53. Nd3
Kb6 54. Ke2 Ka5 55. Nf2 Kb6 56. Ne4 Bb2 57. Ng5 Kc5 58. Kd3 Bc3 59. Ne4+ 1-0

[Event "Bayern-chTT (Oberliga)"]
[Site "Bayern 2008/09"]
[Date "2009.01.18"]
[Round "5.7"]
[White "Bizzell, Brandon"]
[Black "Pauli, Alexander Dr"]
[Result "0-1"]
[WhiteElo "1916"]
[BlackElo "2170"]
[PlyCount "46"]
[EventDate "2009.03.??"]
[EventType "team-tourn"]
[EventRounds "9"]
[WhiteTeam "Bamberg-SC 1"]
[BlackTeam "Nürnberg-NT 1"]

1. e4 d6 2. Nf3 Nf6 3. d3 g6 4. g3 Bg7 5. Bg2 O-O 6. O-O c5 7. c3 Nc6 8. Re1
Rb8 9. Nh4 e5 10. f4 exf4 11. Bxf4 Bg4 12. Qd2 Qd7 13. d4 Rbd8 14. Na3 cxd4 15.
cxd4 d5 16. e5 Ne4 17. Qe3 f6 18. Bxe4 dxe4 19. Qxe4 g5 20. e6 Qxd4+ 21. Qxd4
Rxd4 22. Be3 gxh4 23. Bxd4 Nxd4 0-1

[Event "Bayern-chTT (Oberliga)"]
[Site "Bayern 2008/09"]
[Date "2009.01.18"]
[Round "5.8"]
[White "Heimrath, Reiner"]
[Black "Denk, Stefan(79)"]
[Result "1-0"]
[WhiteElo "2178"]
[BlackElo "1946"]
[PlyCount "49"]
[EventDate "2009.03.??"]
[EventType "team-tourn"]
[EventRounds "9"]
[WhiteTeam "Nürnberg-NT 1"]
[BlackTeam "Bamberg-SC 1"]

1. d4 Nf6 2. Nf3 g6 3. b3 Bg7 4. Bb2 O-O 5. Nbd2 d5 6. e3 b6 7. Bd3 c5 8. Ne5
Bb7 9. O-O Nbd7 10. f4 Ne4 11. f5 gxf5 12. Rxf5 e6 13. Rh5 f5 14. Bxe4 dxe4 15.
Nxd7 Qxd7 16. Rg5 h6 17. Rg3 Kh7 18. Nc4 Rad8 19. Nd6 cxd4 20. Qh5 Qc7 21. Qg6+
Kh8 22. Bxd4 Bxd4 23. exd4 Qh7 24. Qxe6 Rxd6 25. Qxd6 1-0

[Event "Bayern-chTT (Oberliga)"]
[Site "Bayern 2008/09"]
[Date "2009.01.18"]
[Round "5.1"]
[White "Klundt, Klaus"]
[Black "Meister, Peter(66)"]
[Result "1/2-1/2"]
[WhiteElo "2309"]
[BlackElo "2366"]
[PlyCount "41"]
[EventDate "2009.03.??"]
[EventType "team-tourn"]
[EventRounds "9"]
[WhiteTeam "Burgsinn 1"]
[BlackTeam "München-Bayern 2"]

1. e4 e6 2. d3 c5 3. Nf3 Nc6 4. g3 d5 5. Nbd2 b6 6. Bg2 dxe4 7. Nxe4 Bb7 8. O-O
Be7 9. Re1 Nf6 10. Ne5 Nxe4 11. Bxe4 Qc8 12. Bf4 Nxe5 13. Bxe5 Bxe4 14. Rxe4
O-O 15. Qh5 Qd8 16. Rae1 Bf6 17. Rg4 Bxe5 18. Qxe5 g6 19. h4 Qd5 20. Qxd5 exd5
21. Rg5 1/2-1/2

[Event "Bayern-chTT (Oberliga)"]
[Site "Bayern 2008/09"]
[Date "2009.01.18"]
[Round "5.2"]
[White "Drexel, Michael"]
[Black "Scheidt, Karlheinz"]
[Result "1-0"]
[WhiteElo "2253"]
[BlackElo "2086"]
[PlyCount "117"]
[EventDate "2009.03.??"]
[EventType "team-tourn"]
[EventRounds "9"]
[WhiteTeam "München-Bayern 2"]
[BlackTeam "Burgsinn 1"]

1. e4 g6 2. d4 Bg7 3. c4 d6 4. Nc3 Nf6 5. Be2 O-O 6. Nf3 Na6 7. O-O e5 8. Be3
c6 9. d5 Ng4 10. Bg5 f6 11. Bh4 g5 12. Bg3 Nh6 13. Nd2 f5 14. f3 Nc7 15. b4
cxd5 16. cxd5 Ne8 17. Bf2 Nf6 18. Nc4 fxe4 19. fxe4 Nhg4 20. Be1 Bd7 21. Bxg4
Nxg4 22. Rxf8+ Bxf8 23. h3 Rc8 24. Qe2 Qc7 25. Nb2 Qb6+ 26. Kh1 Nf6 27. a3 Be8
28. Bf2 Qc7 29. Rc1 Bg6 30. Nd3 Qd7 31. Bxa7 Rxc3 32. Rxc3 Nxe4 33. Qe1 Nxc3
34. Qxc3 Be4 35. Nf2 Bxd5 36. Qd2 Qf7 37. Qxg5+ Kh8 38. Kh2 Be7 39. Qg4 h5 40.
Qc8+ Kh7 41. Qc3 Bh4 42. Qd3+ Kg8 43. a4 Kh8 44. b5 Qg8 45. Ne4 Qf7 46. Nxd6
Qg8 47. Ne4 Qe6 48. Nc3 Bc4 49. Qf3 Qg6 50. Bb8 Bf6 51. Qxb7 h4 52. Qc8+ Bg8
53. Qg4 Qe8 54. Ne4 Qxb8 55. Nxf6 e4+ 56. Kh1 e3 57. Qxh4+ Kg7 58. Qg5+ Kf7 59.
Nxg8 1-0

[Event "Bayern-chTT (Oberliga)"]
[Site "Bayern 2008/09"]
[Date "2009.01.18"]
[Round "5.3"]
[White "Lodes, Hermann"]
[Black "Rodewis, Thomas Dr"]
[Result "1/2-1/2"]
[WhiteElo "2072"]
[BlackElo "2363"]
[PlyCount "81"]
[EventDate "2009.03.??"]
[EventType "team-tourn"]
[EventRounds "9"]
[WhiteTeam "Burgsinn 1"]
[BlackTeam "München-Bayern 2"]

1. e4 c5 2. c4 e6 3. Nc3 Nc6 4. Nge2 Nf6 5. d4 cxd4 6. Nxd4 Bb4 7. Nxc6 bxc6 8.
Bd3 e5 9. Bd2 O-O 10. O-O a5 11. a3 Bc5 12. Na4 Bd4 13. c5 Ra7 14. Rb1 d6 15.
Be3 Ng4 16. Bxd4 exd4 17. h3 Ne5 18. cxd6 Qxd6 19. Nb6 c5 20. Nc4 Nxc4 21. Bxc4
Qg6 22. Qd3 Re8 23. Rfe1 Rae7 24. Bd5 Bf5 25. b4 axb4 26. axb4 c4 27. Qxd4 Bxh3
28. e5 Be6 29. Qxc4 Bxd5 30. Qxd5 Rxe5 31. Rxe5 Qxb1+ 32. Kh2 Rf8 33. b5 Qc1
34. g3 Qf1 35. Rf5 g6 36. Rf4 Qb1 37. Kg2 h5 38. Kh2 Qb2 39. Kg2 Qb1 40. Kh2
Qb2 41. Kg2 1/2-1/2

[Event "Bayern-chTT (Oberliga)"]
[Site "Bayern 2008/09"]
[Date "2009.01.18"]
[Round "5.4"]
[White "Schuette, Manfred"]
[Black "Krauss, Josef"]
[Result "1-0"]
[WhiteElo "2297"]
[BlackElo "2036"]
[PlyCount "93"]
[EventDate "2009.03.??"]
[EventType "team-tourn"]
[EventRounds "9"]
[WhiteTeam "München-Bayern 2"]
[BlackTeam "Burgsinn 1"]

1. c4 c6 2. Nf3 d5 3. e3 Nf6 4. Nc3 g6 5. Be2 Bg7 6. O-O O-O 7. d4 Nbd7 8. b4
dxc4 9. Bxc4 Nb6 10. Be2 Nfd5 11. Qb3 Nxc3 12. Qxc3 Nd5 13. Qa3 Qb6 14. Bd2 Bf5
15. Rac1 Rfe8 16. Rfd1 Bf8 17. Qa4 a6 18. Ne5 f6 19. Nc4 Qa7 20. Qb3 Kh8 21.
Bf3 Be6 22. Qb2 Rad8 23. e4 Nb6 24. Nxb6 Qxb6 25. Be3 Qb5 26. Rc5 Qb6 27. d5
cxd5 28. exd5 Bf7 29. Rdc1 Qd6 30. g3 e5 31. dxe6 Qxe6 32. Rc7 Bd6 33. Bg4 Be5
34. Bxe6 Bxb2 35. Bxf7 Bxc1 36. Rxc1 Re7 37. Bb3 Ree8 38. Rc7 Rb8 39. Bd4 Rf8
40. Bf7 Kg7 41. Bd5+ Kh6 42. Be3+ g5 43. Bxb7 Kg6 44. Bc5 Rf7 45. Rxf7 Kxf7 46.
Bxa6 Ke6 47. Bc4+ 1-0

[Event "Bayern-chTT (Oberliga)"]
[Site "Bayern 2008/09"]
[Date "2009.01.18"]
[Round "5.5"]
[White "Seeger, Werner"]
[Black "Klebel, Martin"]
[Result "0-1"]
[WhiteElo "2012"]
[BlackElo "2290"]
[PlyCount "64"]
[EventDate "2009.03.??"]
[EventType "team-tourn"]
[EventRounds "9"]
[WhiteTeam "Burgsinn 1"]
[BlackTeam "München-Bayern 2"]

1. d4 Nf6 2. Nf3 d5 3. e3 e6 4. Bd3 c5 5. c3 Be7 6. Nbd2 O-O 7. O-O b6 8. Ne5
Qc7 9. f4 Ba6 10. Rb1 Bxd3 11. Nxd3 Nc6 12. b3 Ne4 13. Bb2 Rac8 14. Qe2 f5 15.
Rbc1 Nxd2 16. Qxd2 Qb7 17. Ra1 Qa6 18. Ne5 Bd6 19. a3 Bxe5 20. fxe5 Na5 21. Qd1
Qb5 22. b4 cxb4 23. cxb4 Nc4 24. Bc1 a5 25. bxa5 bxa5 26. Rf2 Rb8 27. Re2 Qb3
28. Qe1 Qd3 29. Kf2 Rb3 30. Raa2 f4 31. exf4 Qxd4+ 32. Kf1 Rb1 0-1

[Event "Bayern-chTT (Oberliga)"]
[Site "Bayern 2008/09"]
[Date "2009.01.18"]
[Round "5.6"]
[White "Majer, Damir"]
[Black "Gutzeit, Kurt"]
[Result "1-0"]
[WhiteElo "2232"]
[BlackElo "1940"]
[PlyCount "61"]
[EventDate "2009.03.??"]
[EventType "team-tourn"]
[EventRounds "9"]
[WhiteTeam "München-Bayern 2"]
[BlackTeam "Burgsinn 1"]

1. e4 e6 2. d4 d5 3. e5 c5 4. Nf3 Nc6 5. Bd3 cxd4 6. O-O Be7 7. Re1 g5 8. h3 h5
9. Nh2 Bf8 10. Nd2 g4 11. hxg4 hxg4 12. Qxg4 Nh6 13. Qf4 Nf5 14. Ndf3 Bh6 15.
Qg4 Bxc1 16. Raxc1 Nce7 17. Bxf5 Nxf5 18. Qf4 Bd7 19. Ng4 Qe7 20. Nf6+ Kd8 21.
c4 dxc4 22. Rxc4 Bb5 23. Nxd4 Bxc4 24. Nxf5 Qb4 25. Qd4+ Kc7 26. Rc1 b5 27. a3
Qb3 28. Qc5+ Kb7 29. Nd6+ Ka6 30. Qc6+ Ka5 31. Nb7+ 1-0

[Event "Bayern-chTT (Oberliga)"]
[Site "Bayern 2008/09"]
[Date "2009.01.18"]
[Round "5.7"]
[White "Ruetzel, Wolfgang"]
[Black "Leitner, Maximilian"]
[Result "1/2-1/2"]
[WhiteElo "2023"]
[BlackElo "2217"]
[PlyCount "94"]
[EventDate "2009.03.??"]
[EventType "team-tourn"]
[EventRounds "9"]
[WhiteTeam "Burgsinn 1"]
[BlackTeam "München-Bayern 2"]

1. c4 c5 2. Nc3 Nc6 3. g3 g6 4. Bg2 Bg7 5. e4 d6 6. Nge2 Rb8 7. Rb1 Nf6 8. h3
O-O 9. O-O Ne8 10. d3 Nc7 11. Be3 Ne6 12. Kh2 Bd7 13. Qd2 Re8 14. a3 a5 15. Nb5
Ned4 16. Nexd4 Nxd4 17. Nxd4 cxd4 18. Bh6 Bxh6 19. Qxh6 b5 20. b3 bxc4 21. bxc4
Qc7 22. Qd2 Qc5 23. Qa2 Qa7 24. f4 Kg7 25. Rf2 Rxb1 26. Qxb1 Rb8 27. Rb2 Rxb2
28. Qxb2 f6 29. h4 e5 30. Bh3 Bc6 31. Be6 Qb7 32. Qxb7+ Bxb7 33. Kg2 Bc6 34.
Kf2 exf4 35. gxf4 Kh6 36. Bg4 g5 37. Kg3 Kg6 38. Bf5+ Kh6 39. fxg5+ fxg5 40.
hxg5+ Kxg5 41. Bxh7 Ba4 42. Kf2 Kf4 43. Ke2 Be8 44. Kd2 Bd7 45. Bg6 Bc6 46. Bh5
Bd7 47. Bd1 Be8 1/2-1/2

[Event "Bayern-chTT (Oberliga)"]
[Site "Bayern 2008/09"]
[Date "2009.01.18"]
[Round "5.8"]
[White "Braun, Christian Dr(67)"]
[Black "Richter, Heiko"]
[Result "1-0"]
[WhiteElo "2185"]
[BlackElo "1715"]
[PlyCount "79"]
[EventDate "2009.03.??"]
[EventType "team-tourn"]
[EventRounds "9"]
[WhiteTeam "München-Bayern 2"]
[BlackTeam "Burgsinn 1"]

1. d4 d5 2. c4 Nc6 3. cxd5 Qxd5 4. e3 e5 5. Nc3 Bb4 6. Bd2 Bxc3 7. bxc3 exd4 8.
cxd4 Bf5 9. Rc1 Nge7 10. Nf3 O-O 11. Bc4 Qd6 12. O-O Rad8 13. Re1 Ng6 14. Qb3
b6 15. Bb5 Be4 16. Bxc6 Bxc6 17. Bb4 Qd7 18. Rxc6 Qxc6 19. Bxf8 Rxf8 20. Qa3 a5
21. Rc1 Qd7 22. Qb3 h6 23. h3 Re8 24. Qc4 Re7 25. Rb1 Qd6 26. Qb5 Qd7 27. Qa6
Qc6 28. Qc8+ Re8 29. Qf5 Qe6 30. Qb5 Re7 31. d5 Qd7 32. Nd4 Ne5 33. Rc1 Qxb5
34. Nxb5 Nd3 35. Rxc7 Rxc7 36. Nxc7 Nb4 37. d6 Kf8 38. a3 Nc2 39. Nd5 b5 40. d7
1-0

[Event "Bayern-chTT (Oberliga)"]
[Site "Bayern 2008/09"]
[Date "2009.01.18"]
[Round "5.1"]
[White "Jirovsky, Pavel"]
[Black "Baldauf, Marco"]
[Result "0-1"]
[WhiteElo "2295"]
[BlackElo "2288"]
[PlyCount "130"]
[EventDate "2009.03.??"]
[EventType "team-tourn"]
[EventRounds "9"]
[WhiteTeam "Königshofen 1"]
[BlackTeam "Pang/Ro.1"]

1. d4 d5 2. Nf3 Nf6 3. c4 c6 4. Nc3 a6 5. c5 g6 6. Bf4 Bg7 7. e3 O-O 8. Qb3
Nbd7 9. h3 Ne8 10. Be2 Nc7 11. Na4 Re8 12. Nb6 Nxb6 13. Qxb6 Ne6 14. Qxd8 Nxd8
15. O-O f6 16. Bh2 e5 17. Rac1 exd4 18. Nxd4 Ne6 19. Rfd1 f5 20. Nxe6 Bxe6 21.
b3 a5 22. Rd2 a4 23. bxa4 Rxa4 24. Bd1 Rc4 25. Rb1 Rxc5 26. Bd6 Rb5 27. Rxb5
cxb5 28. Bb3 Kf7 29. Rc2 Rc8 30. Rxc8 Bxc8 31. Bxd5+ Be6 32. Bxb7 Bxa2 33. e4
fxe4 34. Bxe4 Bc3 35. Bd3 b4 36. h4 Be6 37. f3 h5 38. Kf2 b3 39. Ba3 b2 40. Bb1
Bf5 41. Ba2+ Kf6 42. Bxb2 Bxb2 43. g3 Bd4+ 44. Kg2 Be3 45. Bd5 Bc5 46. Bc6 Bd3
47. Bb7 Ke5 48. Bc6 Kd4 49. Bb7 Ke3 50. Bc6 Bd6 51. Bd5 Ke2 52. Bc6 Ke1 53. Be8
Bf1+ 54. Kg1 Bxg3 55. Bxg6 Bf2+ 56. Kh2 Bxh4 57. Kg1 Bf2+ 58. Kh1 h4 59. f4 Bg3
60. Kg1 Bf2+ 61. Kh2 Be3 62. Be4 Kf2 63. f5 Bf4+ 64. Kh1 h3 65. f6 Bg2+ 0-1

[Event "Bayern-chTT (Oberliga)"]
[Site "Bayern 2008/09"]
[Date "2009.01.18"]
[Round "5.2"]
[White "Blaskowski, Johannes"]
[Black "Ovod, Evgenija"]
[Result "0-1"]
[WhiteElo "2295"]
[BlackElo "2372"]
[PlyCount "93"]
[EventDate "2009.03.??"]
[EventType "team-tourn"]
[EventRounds "9"]
[WhiteTeam "Pang/Ro.1"]
[BlackTeam "Königshofen 1"]

1. e4 e5 2. Nf3 Nc6 3. Bc4 Bc5 4. b4 Bxb4 5. c3 Ba5 6. O-O d6 7. d4 Bb6 8. dxe5
dxe5 9. Qxd8+ Nxd8 10. Nxe5 Be6 11. Ba3 h5 12. Nd2 Rh6 13. Bb5+ c6 14. Be2 Bc7
15. Nef3 Nf6 16. Nd4 Bf4 17. Bc1 Rh8 18. f3 Be3+ 19. Kh1 h4 20. Rd1 Nh5 21. Nf1
Bxc1 22. Nxe6 Nxe6 23. Raxc1 Nhf4 24. Rc2 Rd8 25. Rxd8+ Kxd8 26. Kg1 Kc7 27.
Kf2 Rd8 28. Ne3 Nxe2 29. Kxe2 Nf4+ 30. Kf2 Nd3+ 31. Kf1 g6 32. Ng4 b5 33. Ke2
c5 34. g3 hxg3 35. hxg3 c4 36. Nf6 Rh8 37. Nd5+ Kd6 38. Ke3 Rh3 39. Nf4 Rxg3
40. Nxd3 cxd3 41. Rd2 g5 42. Rxd3+ Ke6 43. Kf2 Rh3 44. Kg2 g4 45. e5 Rxf3 46.
Rxf3 gxf3+ 47. Kxf3 0-1